000 00377nam a2200169 i 4500
001 49605
005 20230410120845.0
008 071113b1973 dr a 000 0 spa
040 _aDRFGD
041 0 _aspa
050 1 4 _aJ12 1973
245 0 0 _aJaca cuenta cuentos /
_c
260 _aSanto Domingo
_bNacional,
_c1973
300 _a32p.
942 _2lcc
_cbk
946 0 _amfcruz
999 _c53224
_d53224